000 01081nam a2200253 i 4500
001 125470
003 ES-MaACL
005 20231206063234.0
007 t|
008 070613s1873 sp |||| | spa d
080 _a061.22(460.27 M.)
100 1 _aVidart, Luis,
_d1833-1897
_9114538
245 1 0 _aDiscurso pronunciado en el sesión conmemorativa del segundo aniversario de la fundación del Ateneo Militar /
_cpor su vicepresidente Don Luis Vidart, ex-comandante de artillería y representante en la Asamblea Nacional.
260 _aMadrid :
_b[s.n.],
_c1873 (
_fImp. de Pedro Abienzo)
300 _a13 p. ;
_c24 cm.
530 _aDisponible en formato digital.
594 _aTema del discurso: La instrucción militar.
610 2 4 _aAteneo del Ejército y de la Armada (Madrid)
_9134158
650 4 _aEnseñanza militar.
_912302
710 2 _aAteneo del Ejército y de la Armada (Madrid)
_9134158
852 _aES-MaACL
_jT-154-F-4
856 _uhttp://bdh-rd.bne.es/viewer.vm?id=0000255787&page=1
_zBiblioteca Digital Hispánica
999 _c125470
_d125470